| 000 | 00537nam a2200229Ia 4500 | ||
|---|---|---|---|
| 005 | 20250425162750.0 | ||
| 008 | 250425s9999 xx 000 0 und d | ||
| 020 | _a9789942146830 | ||
| 041 | _aspa | ||
| 043 | _aec | ||
| 082 | _a658 | ||
| 100 | _aGARCIA, GARY FLOR (COMP.) | ||
| 245 | 0 | _aQUINIENTOS CONSEJOS PARA EMPRENDEDORES | |
| 250 | _a1RA ED. | ||
| 260 |
_aEcuador _bCEFORCOM _c2016 |
||
| 260 | _aQUITO | ||
| 300 | _a183 | ||
| 650 | _aEMPRENDEDORES | ||
| 650 | _aGUIAS DE NEGOCIOS | ||
| 942 | _c01 | ||
| 010 | _a106640 | ||
| 999 |
_c235965 _d235965 |
||